How many times can you type A M E R I C A in 15 Seconds? - Statistics

General Stats
  • This quiz has been taken 5,437 times
  • The average score is 53 of 70
Answer Stats
Letter % Correct
A
100%
M
99%
E
98%
R
97%
A
96%
C
96%
I
96%
A
95%
E
94%
M
94%
A
93%
C
93%
I
93%
R
93%
A
92%
E
91%
M
91%
R
91%
A
90%
C
90%
I
90%
A
89%
E
88%
I
88%
M
88%
R
88%
A
87%
C
87%
A
86%
E
86%
M
86%
R
85%
A
84%
C
84%
I
84%
A
81%
M
80%
E
79%
R
79%
I
78%
A
77%
C
77%
A
74%
M
73%
E
72%
R
72%
I
71%
C
70%
A
69%
A
66%
M
65%
E
64%
R
63%
I
62%
C
60%
A
59%
A
56%
M
55%
E
53%
R
51%
I
50%
C
49%
A
48%
A
45%
M
44%
E
42%
R
40%
I
39%
A
38%
C
38%
No matching quizzes found
Score Distribution
Percent of People with Each Score
Percentile by Number Answered
Your Score History
You have not taken this quiz